000 006490000a22001930004500
020 _a84-7880-872-8
041 0 _aSPA
082 0 4 _aG 158.1 G46n
100 1 _aGil Calvo, Enrique (1946-)
245 1 0 _aEl nuevo sexo débil : los dilemas del varón posmoderno / Enrique Gil Calvo
260 _aMadrid : Temas de hoy
300 _a204 Pág.
505 0 0 _a- El complejo de Ulises - Por línea materna - El varón autista - Masculinas debilidades - Con ayuda de la amistad - A falta de moraleja
001 13798
942 _cBK
999 _c42740
_d42740
336 _atexto
_btxt
_2rdacontent
337 _2rdamedia
_asin mediación
_bn
338 _2rdacarrier
_avolumen
_bnc